| 000 | 00545nam a22001817a 4500 | ||
|---|---|---|---|
| 003 | OSt | ||
| 005 | 20230302100310.0 | ||
| 008 | 221006b |||||||| |||| 00| 0 eng d | ||
| 040 | _cBiblioteca Lado V | ||
| 082 |
_a741.5 _bJ86s |
||
| 110 |
_9780 _aJóvenes Liberales _eautor |
||
| 245 | _aSilencio/ | ||
| 300 |
_c8x5cm _a80p. |
||
| 650 |
_2Tesauro de Arte & Arquitectura _aCARICATURA |
||
| 650 |
_2Tesauro de Arte & Arquitectura _aARTE |
||
| 650 |
_2Tesauro de Arte & Arquitectura _aCOMIC |
||
| 942 |
_2ddc _c1 _h741.5 _iJ86s _n0 |
||
| 999 |
_c3118 _d3118 |
||